| 000 | 00479nam a22001697a 4500 | ||
|---|---|---|---|
| 005 | 20251108171110.0 | ||
| 008 | 250721s9999 xx 000 0 ara d | ||
| 082 | 1 | 4 | _aط/ق/حفل |
| 100 | 1 |
_aسلق، هيثم _eرسوم |
|
| 245 | 1 | 0 | _aحفلة الفئران / |
| 264 | 1 |
_aبيروت : _bدار الشرق العربي، _c[19-]. |
|
| 300 | _a8ص | ||
| 490 | 0 | _aسلسلة قصص المساء؛7 | |
| 650 | 1 | 7 | _aقصص الأطفال |
| 942 |
_2ddc _cBK |
||
| 999 |
_c56569 _d56569 |
||